00393nam a2200097Ia 4500008004100000100002100041245011900062260006800181500003400249546001200283220512s9999 xx 000 0 eng d aSweet, Cassandra 0aInstitutional and procedural chalenges to generic production in India:antiretrovirals in focus /cSweet, Cassandra aAhmedabad :bGujarat Institute of Development Research,cOct-12 aAhmedabad Working paper No199 aEnglish